000 00595nam a2200229Ia 4500
003 OSt
005 20220918201241.0
006 a|||||r|||| 00| 0
007 ta
008 220917b |||||||| |||| 00| 0 eng d
024 _a92,647
037 _cTextual
040 _aARTS
_cARTS
_beng
041 _2eng
_aeng
082 _aV1:194(C295):N7, L0
100 _aTripathi K.S.
_997706
245 0 _aEvolution of nuclear strategy
260 _aNA
_bNA
_c1970
650 _aHISTORY
942 _hV1:194(C295):N7, L0
_cTEXL
_2CC
999 _c216298
_d216298